| 000 | 01252nam a22003497a 4500 | ||
|---|---|---|---|
| 001 | 0044030 | ||
| 003 | KOHA_MİRAKIL | ||
| 005 | 20260207003412.0 | ||
| 007 | ta | ||
| 008 | 130826b2011 tu a|||gr||||#||||0|tur | | ||
| 020 | _a9789755115603 | ||
| 040 |
_aTR-BiSEU _btur _cTR-BiSEU _erda |
||
| 041 | 0 | _atur | |
| 044 | _ctu | ||
| 050 |
_aTA403.6 _b.A93 2011 |
||
| 100 | 1 | _aAvcıoğlu, Müslim . | |
| 245 | 1 |
_aYapı teknolojisi 1/ _cMüslim Avcıoğlu ; Müslim Avcıoğlu . |
|
| 264 | 1 |
_aİstanbul : _bBirsen Yayınevi _c2011 |
|
| 300 |
_a3 c. : _bresimli ; _c28 cm. |
||
| 336 |
_ametin _btxt _2rdacontent |
||
| 337 |
_aaracısız _bn _2rdamedia |
||
| 338 |
_acilt _bnc _2rdacarrier |
||
| 500 | _aKaynakça var. | ||
| 505 |
_aAlt Yapı Zermin _xTemel Apliyasyonu _xTemel İnşaat _xTahkimatlar Duvar ve İstinat Duvarları _xKemer _xTonoz ve Kubbeler |
||
| 650 | 0 |
_aYapı--Çalışma ve öğretim. _958131 |
|
| 650 | 0 |
_aBuilding--Study and teaching. _929717 |
|
| 650 | 0 |
_aYapı endüstrisi--Çalışme ve öğretim. _958132 |
|
| 650 | 0 |
_aConstruction industry--Study and teaching. _929718 |
|
| 650 | 0 |
_aYapı mühendisliği--Çalışma ve öğretim. _958133 |
|
| 650 | 0 |
_aStructural engineering--Study and teaching. _929719 |
|
| 942 |
_2lcc _cBK |
||
| 999 |
_c43834 _d43834 |
||